Tilastot visalle Ortodoksiset valtiot

Klikkaa tästä pelataksesi tätä visaa!

Yleistilastot

  • Tätä visaa on pelattu 1 201 kertaa
    (333 viimeisimmän päivityksen jälkeen)
  • Keskiarvotulos 16 / 21

Vastaustilastot

%Valtio% Oikein
72Venäjä
100%
71Ukraina
93%
73Valko-Venäjä
93%
81Romania
90%
90Kreikka
89%
59Bulgaria
88%
97Serbia
86%
93Moldova
84%
82Georgia
82%
18Latvia
82%
14Viro
82%
70Pohjois-Makedonia
79%
93Armenia
78%
81Montenegro
76%
24Kazakstan
75%
31Bosnia ja Hertsegovina
74%
89Kypros
68%
17Kirgisia
56%
54Etiopia
40%
15Egypti
35%
47Eritrea
35%

Tulosjakauma

Persentiili vastausten määrän mukaan

Jokaisen tuloksen saaneiden osuus

Tuloshistoriasi

Et ole pelannut tätä visaa sen viimeisimmän päivityksen jälkeen